Hygroscopic Properties of Industrial Aluminum Powders; Russian Journal of Physical Chemistry A; Vol. 99, iss. 9

Bibliographic Details
Parent link:Russian Journal of Physical Chemistry A.— .— New York: Pleiades Publishing, Inc.
Vol. 99, iss. 9.— 2025.— P. 2022-2026
Main Author: Tereshchenko A. G. Anatoly Georgievich
Summary:Title screen
Isotherms of the sorption of water vapor by aluminum powders of different grades (ASD-4, ASD‑6, PA-2, PA-4, PAD-2, PAD-4, PAP-1, and PAP-2) are determined experimentally. The sorption of water vapor with ASD, PA, PAD powders begins at humidities above 80%. The kinetics of the chemical reaction between water vapor and aluminum is characterized by an induction period whose duration depends on the grade of aluminum and the relative humidity of the air. A mechanism is proposed for the reaction between water vapor and aluminum powders, in which an important role is played by atomic hydrogen that is released in the main reaction and participates in a chemical reaction that destroys the oxide-hydroxide protective film on the granules of aluminum powders. The hygroscopicity of PAP powders is determined from the absorption of water vapor by the fatty film, and not by the aluminum itself
Текстовый файл
AM_Agreement
Language:English
Published: 2025
Subjects:
Online Access:https://doi.org/10.1134/S0036024425701468
Format: Electronic Book Chapter
KOHA link:https://koha.lib.tpu.ru/cgi-bin/koha/opac-detail.pl?biblionumber=684135

MARC

LEADER 00000naa0a2200000 4500
001 684135
005 20251226112623.0
090 |a 684135 
100 |a 20251226d2025 k||y0rusy50 ba 
101 0 |a eng 
102 |a US 
135 |a drcn ---uucaa 
181 0 |a i   |b  e  
182 0 |a b 
183 0 |a cr  |2 RDAcarrier 
200 1 |a Hygroscopic Properties of Industrial Aluminum Powders  |f A. G. Tereshchenko 
203 |a Текст  |c электронный  |b визуальный 
283 |a online_resource  |2 RDAcarrier 
300 |a Title screen 
320 |a References: 22 tit 
330 |a Isotherms of the sorption of water vapor by aluminum powders of different grades (ASD-4, ASD‑6, PA-2, PA-4, PAD-2, PAD-4, PAP-1, and PAP-2) are determined experimentally. The sorption of water vapor with ASD, PA, PAD powders begins at humidities above 80%. The kinetics of the chemical reaction between water vapor and aluminum is characterized by an induction period whose duration depends on the grade of aluminum and the relative humidity of the air. A mechanism is proposed for the reaction between water vapor and aluminum powders, in which an important role is played by atomic hydrogen that is released in the main reaction and participates in a chemical reaction that destroys the oxide-hydroxide protective film on the granules of aluminum powders. The hygroscopicity of PAP powders is determined from the absorption of water vapor by the fatty film, and not by the aluminum itself 
336 |a Текстовый файл 
371 0 |a AM_Agreement 
461 1 |t Russian Journal of Physical Chemistry A  |c New York  |n Pleiades Publishing, Inc. 
463 1 |t Vol. 99, iss. 9  |v P. 2022-2026  |d 2025 
610 1 |a aluminum powders 
610 1 |a hygroscopicity 
610 1 |a water vapor sorption isotherms 
610 1 |a induction period of chemical reaction 
610 1 |a труды учёных ТПУ 
610 1 |a электронный ресурс 
700 1 |a Tereshchenko  |b A. G.  |c Chemical Engineer  |c Head of the laboratory of Tomsk Polytechnic University, Candidate of technical science  |f 1946-  |g Anatoly Georgievich  |9 15648 
801 0 |a RU  |b 63413507  |c 20251226  |g RCR 
850 |a 63413507 
856 4 |u https://doi.org/10.1134/S0036024425701468  |z https://doi.org/10.1134/S0036024425701468 
942 |c CF